More security for old age ; a report and a program /

Bibliographic Details
Corporate Author: Twentieth Century Fund. Committee on Old-Age Security
Other Authors: Grant, Margaret, 1895-1967
Format: Book
Language:English
Published: New York : Twentieth century fund, 1937.
Subjects:

MARC

Tag First Indicator Second Indicator Subfields
LEADER 00000cam a2200000 4500
001 in00000056991
005 20151008050930.0
008 720525s1937 nyu 00000 eng u
010 |a  37018548  
035 |a (OCoLC)00317571 
035 |9 AAG4401AM 
040 |c OSU  |d TXA  |d UtOrBLW 
049 |a TXAM  |c [76600] 
050 0 |a HD7105  |b .T83 
092 |a 331.252  |b T971m 
110 2 |a Twentieth Century Fund.  |b Committee on Old-Age Security. 
245 1 0 |a More security for old age ;  |b a report and a program /  |c Factual report, by Margaret Grant Schneider. A program for action, by the Committee on old-age security. 
264 1 |a New York :  |b Twentieth century fund,  |c 1937. 
300 |a xiii, 191 pages ;  |c 21 cm. 
336 |a text  |b txt  |2 rdacontent 
337 |a unmediated  |b n  |2 rdamedia 
338 |a volume  |b nc  |2 rdacarrier 
650 0 |a Old age pensions. 
650 0 |a Old age pensions  |z United States. 
700 1 |a Grant, Margaret,  |d 1895-1967. 
999 |a MARS 
999 f f |s 8478c72e-7f2f-3a17-a437-de5e0e2a7e0c  |i e9bf0280-3985-3022-869a-a0bd7f715e4d  |t 0 
952 f f |p ric  |a Texas A&M University  |b Rellis Campus  |c Joint Library Facility  |d Remote Storage  |t 0  |e HD7105 .T83  |h Library of Congress classification  |i unmediated -- volume  |m A14800718618 
998 f f |a HD7105 .T83  |t 0  |l Remote Storage